Senses, cognition, and ritual experience in the Roman world /

Bibliographic Details
Corporate Author: Cambridge University Press
Other Authors: Misic, Blanka, 1983- (Editor), Graham, Abigail, 1977- (Editor)
Format: eBook
Language:English
Published: Cambridge ; New York, NY : Cambridge University Press, 2024.
Series:Ancient religion and cognition.
Subjects:
Online Access:Connect to the full text of this electronic book

MARC

Tag First Indicator Second Indicator Subfields
LEADER 00000nam a22000007i 4500
001 in00004771237
003 OCoLC
005 20240122101030.1
006 m o d
007 cr cnu---unuuu
008 240104s2024 enk ob 001 0 eng d
024 8 |a 40032116166 
040 |a OCLKB  |b eng  |e rda  |e pn  |c OCLKB  |d YDX 
020 |a 9781009355513  |q electronic book 
020 |a 1009355511  |q electronic book 
020 |z 9781009355544 
035 |a (OCoLC)1416677671 
043 |a e------  |a aw-----  |a ff----- 
050 4 |a BL808  |b .S46 2024 
082 0 4 |a 292.3/8  |2 23/eng/20230929 
245 0 0 |a Senses, cognition, and ritual experience in the Roman world /  |c edited by Blanka Misic, Abigail Graham. 
264 1 |a Cambridge ;  |a New York, NY :  |b Cambridge University Press,  |c 2024. 
300 |a 1 online resource. 
336 |a text  |b txt  |2 rdacontent 
337 |a computer  |b c  |2 rdamedia 
338 |a online resource  |b cr  |2 rdacarrier 
490 1 |a Ancient religion and cognition 
504 |a Includes bibliographical references and index. 
505 0 |a Introduction: Experiencing rituals / Abigail Graham and Blanka Misic -- Remembering the rites : religious learning network model and transmission of religious rituals in the worship of Nutrices Augustae (Poetovio, Pannonia Superior) / Blanka Misic -- The haptic production of religious knowledge among the vestal virgins : a hands-on approach to Roman ritual / Emma-Jayne Graham -- Haptic colour : experiential viewing in Graeco-Roman sacred spaces / Vicky Jewell -- Ain't nobody gonna rain on my parade : experiencing Salutaris' procession as a ritual event / Abigail Graham -- Objects and ritual in Egeria's fourth century pilgrimage : the props of my faith / Steven Muir -- Conclusions: (Re)creating ritual experiences / Blanka Misic and Abigail Graham. 
588 |a Description based on online resource; title from digital title page (viewed on January 22, 2024). 
650 0 |a Rites and ceremonies  |z Rome. 
650 0 |a Ritual  |z Rome. 
651 0 |a Rome  |x Religious life and customs. 
650 0 |a Cognition and culture  |z Rome. 
655 7 |a Electronic books.  |2 local 
700 1 |a Misic, Blanka,  |d 1983-  |e editor. 
700 1 |a Graham, Abigail,  |d 1977-  |e editor. 
710 2 |a Cambridge University Press 
830 0 |a Ancient religion and cognition. 
856 4 0 |u http://proxy.library.tamu.edu/login?url=https://doi.org/10.1017/9781009355513  |z Connect to the full text of this electronic book  |t 0 
945 |a machinegen  |b 956187 
955 |a YBP purchased approval e-records 
980 |b ebook  |c 40032116166  |f NONFIC/B  |g 565751  |k USD  |m 165.00  |q 1  |s AcqMono Conventional  |t Approval plan  |u Vendor order reference number  |v ZYBP  |y E-approvals  |z Electronic resource 
999 f f |i 9b0edee7-a908-483b-8c26-163e9cb708a5  |s 3b41f0af-f0a8-4ae7-a5e8-cad4d7a99648  |t 0 
952 f f |a Texas A&M University  |b College Station  |c Electronic Resources  |s www_evans  |d Available Online  |t 0  |e BL808 .S46 2024  |h Library of Congress classification